000 00451nam a2200181Ia 4500
005 20240823031043.0
008 240823s9999||||xx |||||||||||||| ||und||
041 _aENGLISH
082 _A621.3 N1
100 _aTheraja B L
245 0 _aWorked examples in Electrical Technology
250 _a9th
260 _c1991
_b"S.Chand,New Delhi"
500 _aTRANSFERED
650 _aElectrical Technology
_bElectrical
942 _cBK
999 _c190162
_d190162